ბათუმის შოთა რუსთაველის სახელმწიფო უნივერსიტეტის ბიბლიოთეკა

ზოგადი ბიოქიმიის საფუძვლები : (ბიბ.ჩანაწერი № 34505)

000 -ლიდერი
ფიქსირებული სიგრძის საკონტროლო ველი 01208nam a2200253Ia 4500
001 - საკონტროლო ნომერი
საკონტროლო ველი 254
003 - საკონტროლო ნომრის იდენტიფიკატორი
საკონტროლო ველი GE_BSU
005 - ბოლო ოპერაციის თარიღი და დრო
საკონტროლო ველი 20250417120520.0
008 - ფიქსირებული სიგრძის მონაცემთა ელემენტები - ზოგადი ინფორმაცია
ფიქსირებული სიგრძის საკონტროლო ველი 181216s2005||||ge |||||||||||||| ||geo||
020 ## - წიგნის საერთაშორისო სტანდარტული ნომერი
International Standard Book Number 9994085379
040 ## - კატალოგიზაციის წყარო
Transcribing agency GE_BSU
041 ## - ენის კოდი
Language code of text/sound track or separate title geo
080 ## - უნივერსალური ათობითი კლასიფიკაციის ინდექსი
Universal Decimal Classification number 577.1(075.8) ა-48
100 ## - მთავარი ჩანაწერი - პიროვნების სახელი
Personal name ალექსიძე, ნუგზარ
9 (RLIN) 2610
245 ## - ცნობა სათაურის შესახებ
Title ზოგადი ბიოქიმიის საფუძვლები :
Remainder of title სახელმძღვ. სტუდენტებისატვის /
Statement of responsibility, etc ნუგზარ ალექსიძე, რედ.რ. სოლომონია, ა.შალაშვილი
250 ## - გამოცემის ცნობა
Edition statement მე-3 გამოც.
264 ## - წარმოების, გამოცემის, დისტრიბუციის და სხვა ცნობები
გამოცემის, წარმოების, დისტრიბუციის... ადგილი თბილისი :
გამოცემის, წარმოების, დისტრიბუციის... სახელწოდება თბილისის უნივერსიტეტის გამომცემლობა,
გამოცემის, წარმოების, დისტრიბუციის... თარიღი 2005
300 ## - ფიზიკური აღწერა
Extent 522 გვ.:
Other physical details 26 სმ.
653 ## - INDEX TERM--UNCONTROLLED
Uncontrolled term ბიოქიმია
653 ## - INDEX TERM--UNCONTROLLED
Uncontrolled term ზოგადი ბიოქიმიის საფუძვლები
700 ## - ADDED ENTRY--PERSONAL NAME
Personal name სოლომონია, რ
Relator term რედაქტორი
9 (RLIN) 9118
700 ## - ADDED ENTRY--PERSONAL NAME
Personal name შალაშვილი, ა
Relator term რედაქტორი
9 (RLIN) 24863
942 ## - ADDED ENTRY ELEMENTS (KOHA)
Koha item type წიგნი
Source of classification or shelving scheme
ეგზემპლარები
ჩამოწერის სტატუსი დაკარგული ეგზემპლარის სტატუსი კლასიფიკაციის წყარო ან თაროზე გაწყობის სქემა დაზიანების სტატუსი არ გაიცემა მუდმივი მდებარეობა (დაცვის ადგილი) ამჟამინდელი ადგილსამყოფელი თაროზე განთავსების ადგილი შეძენის თარიღი ღირებულება, შესყიდვის ნორმალური ფასი სრული შენახვის შიფრი შტრიხკოდი ბოლო ოპერაციის თარიღი ეგზემპლარის მიმდევრობითი ნომერი (კეტერი?) ფასის ძალაში შესვლის თარიღი ეგზემპლარის სახეობა საჯარო შენიშვნა
          ბათუმის შოთა რუსთაველის სახელმწიფო უნივერსიტეტის მთავარი ბიბლიოთეკა ბათუმის შოთა რუსთაველის სახელმწიფო უნივერსიტეტის მთავარი ბიბლიოთეკა წიგნსაცავი 2018-12-17 20.00 577.1(075.8) ა-48 1114 2018-12-17 1114 2018-12-17 წიგნი 20.00